| 000 | 00642nam a2200205 a 4500 | ||
|---|---|---|---|
| 001 | 000022449 | ||
| 005 | 20200930021626.0 | ||
| 008 | 101011s200u sp 000 0 spa d | ||
| 020 | _a9706516418 | ||
| 040 |
_aDO-SdBNP _bspa _cBNPHU |
||
| 082 |
_axxxx _bE59i |
||
| 245 | 0 | 0 |
_aEnsayistas ingleses / _cEstudio preliminar Adolfo Bioy Casares. |
| 260 |
_aMéxico. : _bOceano, _c[200?]. |
||
| 300 |
_axxxvii, 487 p. ; _c21 cm. |
||
| 490 | 1 | _aBiblioteca Universal | |
| 504 | _aIncluye referencias bibliográficas y notas al pie de la páginas | ||
| 700 | 1 |
_aBioy Casares, Adolfo _946273 |
|
| 830 | 0 |
_aBiblioteca Universal _92855 |
|
| 049 | _aBNPD | ||
| 999 |
_c21947 _d21947 |
||